000 00645nam a22002177a 4500
003 DO-SdBNP
005 20250205092106.0
007 ta
008 220930b2022 dr a|||| |||| 00| 0 spa d
020 _a9789945809824
040 _aDO-SdBNP
_bspa
_cBNPHU
082 4 _222
100 1 _aRuiz de Catrain, María Teresa
_922649
245 1 4 _aLas bestias de Ivan /
_cMaría Teresa Ruiz de Catrain ; ilustraciones Iván Tovar
260 _aSanto Domingo :
_bFundación Iván Tovar,
_c2022.
300 _a40 p. :
_bil. ;
_c24 cm.
590 _aInventariado, 2022/BT
700 1 _aTovar, Iván,
_eil.
_982475
910 _aBtavárez
942 _2ddc
_cLBS1
999 _c52498
_d52498